Manual de administración de empresas agropecuarias / Guillermo Guerra (Registro nro. 967)

Detalles MARC
000 -LEADER
fixed length control field 00530nam a22002051a 4500
001 - CONTROL NUMBER
control field 967
003 - CONTROL NUMBER IDENTIFIER
control field OSt
005 - DATE AND TIME OF LATEST TRANSACTION
control field 20260204211716.0
008 - FIXED-LENGTH DATA ELEMENTS--GENERAL INFORMATION
fixed length control field 040115s1992||||cr ||||||b||||||||||spa||
020 ## - NUMERO DE LIBRO INTERNACIONAL NORMALIZADO
International Standard Book Number 9290391812
050 ## - LIBRARY OF CONGRESS CALL NUMBER
Classification number 658.93 G936m
082 ## - DEWEY DECIMAL CLASSIFICATION NUMBER
Classification number 658.93 G936m
100 ## - ASIENTO PRINCIPAL -- NOMBRE PERSONAL
Personal name Guerra, Guillermo E.
245 ## - TÍTULO PROPIAMENTE DICHO: SUBTÍTULO
Title Manual de administración de empresas agropecuarias / Guillermo Guerra
250 ## - MENCIÓN DE EDICIÓN
Edition statement 2
264 ## - PRODUCTION, PUBLICATION, DISTRIBUTION, MANUFACTURE, AND COPYRIGHT NOTICE
Place of production, publication, distribution, manufacture Costa Rica : IICA
300 ## - PHYSICAL DESCRIPTION
Extensión 580 p
650 ## - ASIENTO SECUNDARIO DE MATERIA -- TERMINO TEMÁTICO
Termino Temático Como Elemento de Entrada 1.Empresas Agropecuaria-AdministraciónÌ
942 ## - ADDED ENTRY ELEMENTS (KOHA)
Source of classification or shelving scheme Dewey Decimal Classification
Koha item type Libros
Existencias
Withdrawn status Lost status Source of classification or shelving scheme Damaged status Not for loan Current library Date acquired Total Checkouts Full call number Barcode Date last seen Price effective from Koha item type
    Dewey Decimal Classification     Biblioteca UTECO 09/09/2019   658.93 G936M 003406 09/09/2019 09/09/2019 Libros
    Dewey Decimal Classification     Biblioteca UTECO 09/09/2019   658.93 G936M 003407 09/09/2019 09/09/2019 Libros
    Dewey Decimal Classification Descartado para donación   Biblioteca UTECO 09/09/2019   658.93 G936M 003408 09/09/2019 09/09/2019 Libros
© 2021 Derechos Reservados UTECO - Teléfono: +1 809-585-2291 - Correo electrónico: biblioteca@uteco.edu.do​  
Código postal 43000 ​​
Dirección: Avenida Universitaria No. 100, 
Cotuí, Provincia Sánchez Ramírez, República Dominicana - RNC: 404-00059-6